| 000 | 00763nam a2200301 a 4500 | ||
|---|---|---|---|
| 003 | AR-BaBNM | ||
| 005 | 20251128205010.0 | ||
| 008 | 082120s2002 ||||||||||||||000 | spa|| | ||
| 020 | _a950-701-218-4 | ||
| 040 | _cAR-BaBNM | ||
| 100 | 1 | _aRocha, Ruth | |
| 245 | 0 | 0 | _aEl libro de letras |
| 260 |
_aBuenos Aires _bAique _c1994 |
||
| 300 |
_a31 p. _bil. |
||
| 490 | 0 | _aEl hombre y la comunicación | |
| 650 | 4 | _aLIBROS PARA NIÑOS | |
| 650 | 4 | _aEDUCACION ARTISTICA | |
| 650 | 4 | _aESCRITURA | |
| 650 | 4 | _aSISTEMAS DE ESCRITURA | |
| 650 | 4 | _aALFABETOS | |
| 650 | 4 | _aPAPIROS | |
| 655 | _aLITERATURA | ||
| 700 | 1 | _aRoth, Otávio | |
| 700 | 1 |
_aAbello Rovai, Antonio _etraductor |
|
| 700 | 1 |
_aCohelo, Raquel _eilustrador |
|
| 942 | _cBK | ||
| 998 | _cisola | ||
| 999 |
_c9633 _d9633 |
||